000 00873nam a2200277Ia 4500
001 Para_8123
003 CHAP
008 220125s9999 xx 000 0 und d
010 _a207028
040 _cCHAP
082 _aPA-C 595.75 H4
100 _aAncona, H. Leopoldo
_9173466
245 _aLos jumiles de Cuautla :
_b euschistus zopilotensis distant /
_c por Leopoldo Ancona H.
300 _a6 p.
440 _aHemiptera; 14
_9173407
500 _aSobretiro de: An. Inst. Biol. 4 (2): 103-108, 1933. Encuadernado con otros impresos similares
650 _a
_x HemĂ­pteros
_x colecciones de escritos
_9172883
710 _aAnales del instituto de BiologĂ­a 4 (2)
_9173467
901 _aPA-C 595.75 H4
902 _aA
905 _a000000 0000000000 00
910 _a
942 _cPARA
942 _cPARA
_d1
999 _c207028
_d207028